Grausame Bilder : Sadismus in der neapolitanischen Malerei von Caravaggio bis Giordano

Saved in:
Bibliographic Details
Main Author: Lang, Walther K. (Author)
Document Type: Thesis Book
Language:German
Published: Berlin : Reimer , 2001
Subjects:
Online Access:Rezension
Rezension
Rezension
Inhaltsverzeichnis
Related Items:Rezensiert in: [Rezension von: Walther K. Lang, Grausame Bilder]
Author Notes:Walther K. Lang
LEADER 05070cam a2200997 c 4500
001 332839532
003 DE-627
005 20260223170917.0
007 tu
008 010815s2001 gw ||||| m 00| ||ger c
015 |a 01,N35,0797  |2 dnb 
015 |a 01,A46,0842  |2 dnb 
016 7 |a 962122661  |2 DE-101 
020 |a 3496012404  |q brosch. : ca. DM 96.00, ca. sfr 85.00, ca. S 701.00  |9 3-496-01240-4 
035 |a (DE-627)332839532 
035 |a (DE-603)099662523 
035 |a (DE-576)091827620 
035 |a (DE-599)GBV332839532 
035 |a (OCoLC)237468572 
035 |a (OCoLC)48112014 
040 |a DE-627  |b ger  |c DE-627  |e rakwb 
041 |a ger 
044 |c XA-DE  |c XA-IT 
050 0 |a ND621.N2 
082 0 |a 759.5 
084 |a 46  |2 sdnb 
084 |a 9,10  |2 ssgn 
084 |a LN 84805  |2 rvk  |0 (DE-625)rvk/102421:7 
084 |a LN 83610  |2 rvk  |0 (DE-625)rvk/102395: 
084 |a LN 83500  |q BVB  |2 rvk  |0 (DE-625)rvk/102385: 
084 |a LN 84800  |q BVB  |2 rvk  |0 (DE-625)rvk/102421:2 
084 |a 20.27  |2 bkl 
084 |a 21.02  |2 bkl 
084 |a 20.23  |2 bkl 
084 |a 20.70  |2 bkl 
100 1 |a Lang, Walther K.  |d 1963-  |0 (DE-588)128389087  |0 (DE-627)372633005  |0 (DE-576)174211902  |4 aut 
245 1 0 |a Grausame Bilder  |b Sadismus in der neapolitanischen Malerei von Caravaggio bis Giordano  |c Walther K. Lang 
264 1 |a Berlin  |b Reimer  |c 2001 
300 |a 380 S.  |b Ill.  |c 24 cm 
336 |a Text  |b txt  |2 rdacontent 
337 |a ohne Hilfsmittel zu benutzen  |b n  |2 rdamedia 
338 |a Band  |b nc  |2 rdacarrier 
500 |a Literaturverz. S. 365 - 376 
502 |a Zugl.: Berlin, Freie Univ., Habil.-Schr., 1998 
505 8 |a Literaturverz. S. 365 - 376 
583 1 |a Archivierung/Langzeitarchivierung gewährleistet  |f SSG  |x XA-DE-BW  |2 pdager  |5 DE-16 
648 7 |a Geschichte 1606-1656  |2 gnd 
648 4 |a Geschichte 1606-1656 
650 4 |a Martyrs in art 
650 4 |a Painting, Italian  |x Italy  |x Naples  |x 17th century  |x Themes, motives 
650 4 |a Sadism in art 
650 4 |a Torture in art 
655 7 |a Hochschulschrift  |0 (DE-588)4113937-9  |0 (DE-627)105825778  |0 (DE-576)209480580  |2 gnd-content 
689 0 0 |d g  |0 (DE-588)4041476-0  |0 (DE-627)106218999  |0 (DE-576)209045191  |a Neapel  |2 gnd 
689 0 1 |d s  |0 (DE-588)4037220-0  |0 (DE-627)10623871X  |0 (DE-576)209022892  |a Malerei  |2 gnd 
689 0 2 |d s  |0 (DE-588)4178870-9  |0 (DE-627)105338125  |0 (DE-576)209987383  |a Sadismus  |g Motiv  |2 gnd 
689 0 3 |a z  |2 gnd  |a Geschichte 1606-1656 
689 0 4 |d s  |0 (DE-588)4132569-2  |0 (DE-627)105686727  |0 (DE-576)209636661  |a Bildbetrachtung  |2 gnd 
689 0 |5 DE-101 
689 1 0 |d s  |0 (DE-588)4004541-9  |0 (DE-627)106385380  |0 (DE-576)208856447  |a Barock  |2 gnd 
689 1 |5 DE-101 
751 |a Berlin  |0 (DE-588)4005728-8  |0 (DE-627)10482638X  |0 (DE-576)208862560  |4 uvp 
787 0 8 |i Rezensiert in  |a Lange, Justus, 1968 -   |t [Rezension von: Walther K. Lang, Grausame Bilder]  |d 2002  |w (DE-627)1920841059 
856 4 2 |u https://swbplus.bsz-bw.de/bsz091827620rez.htm  |m V:DE-576  |v 2005-08-09  |3 Rezension  |7 1 
856 4 2 |u http://www.sehepunkte.de/2002/07/3187.html  |m V:DE-576;X:Sehepunkte  |q text/html  |v 20180423160613  |3 Rezension  |7 1 
856 4 2 |u http://scans.hebis.de/HEBCGI/show.pl?09966252_rez.pdf  |m V:DE-576  |q application/pdf  |3 Rezension  |7 1 
856 4 2 |u http://scans.hebis.de/HEBCGI/show.pl?09966252_toc.pdf  |m V:DE-605;X:Imageware  |q application/pdf  |3 Inhaltsverzeichnis  |7 1 
935 |i Blocktest 
936 r v |a LN 84805  |b Barock/Rokoko  |k Kunstgeschichte  |k Kunst nach Ländern bzw. Kontinenten  |k Italien  |k Italienische Kunstgeschichte nach Gattungen  |k Malerei  |k Italienische Malerei nach Zentren und Schulen  |k Neapel  |k Barock/Rokoko  |0 (DE-627)127235749X  |0 (DE-625)rvk/102421:7  |0 (DE-576)20235749X 
936 r v |a LN 83610  |b Sonstige  |k Kunstgeschichte  |k Kunst nach Ländern bzw. Kontinenten  |k Italien  |k Italienische Kunstgeschichte nach Gattungen  |k Malerei  |k Gegenstände (Darstellungen nichtikonographischen Charakters)  |k Sonstige  |0 (DE-627)1271172054  |0 (DE-625)rvk/102395:  |0 (DE-576)201172054 
936 r v |a LN 83500  |b Allgemeines  |k Kunstgeschichte  |k Kunst nach Ländern bzw. Kontinenten  |k Italien  |k Italienische Kunstgeschichte nach Gattungen  |k Malerei  |k Gegenstände (Darstellungen nichtikonographischen Charakters)  |k Allgemeines  |0 (DE-627)1271171961  |0 (DE-625)rvk/102385:  |0 (DE-576)201171961 
936 r v |a LN 84800  |b allgemein  |k Kunstgeschichte  |k Kunst nach Ländern bzw. Kontinenten  |k Italien  |k Italienische Kunstgeschichte nach Gattungen  |k Malerei  |k Italienische Malerei nach Zentren und Schulen  |k Neapel  |k allgemein  |0 (DE-627)1270918389  |0 (DE-625)rvk/102421:2  |0 (DE-576)200918389 
936 b k |a 20.27  |j Bibel  |x Ikonographie  |0 (DE-627)106421239 
936 b k |a 21.02  |j Geschichte der Malerei  |0 (DE-627)106406698 
936 b k |a 20.23  |j Mensch  |x Ikonographie  |0 (DE-627)106406337 
936 b k |a 20.70  |j Europäische Kunst: Allgemeines  |0 (DE-627)106406566 
936 s n |a l300  |2 mzub 
951 |a BO 
990 |a Neapel 
990 |a Malerei 
990 |a Sadismus 
990 |a Geschichte 1606-1656 
990 |a Bildbetrachtung 
990 |a Barock 
991 |a Rezensiertes Werk 
999 |a KXP-PPN332839532  |e 4948594105